000 00583nam a22002177a 4500
003 UA-OsUOA
001 80706
007 ta
008 20111222b un ||||| |||| 00| 0 ukr d
100 _aЮзьків Г.
090 _a82
_bЮ20
942 _cSA
040 _aUA-OsUOA
_bfre
_cUA-OsUOA
_dUA-OsUOA
245 _aЛюбовна лірика в ранній поезії М. Вінграновського
300 _aС.66-71
955 _a0
041 _afre
080 _a82
773 0 _w80701
650 7 _a82 Література. Літературознавство
_2UDC
999 _c367016
_d367016